Valorant - Wszystkie Postacie - Statystyki

Ogólne statystyki
  • Ten quiz został rozwiązany 5 479 razy
    1 316 od ostatniego zresetowania
  • Średni wynik to 19 z 25
Statystyki odpowiedzi
Odpowiedź % Poprawnych
Reyna
95%
Jett
94%
Brimstone
91%
Sage
88%
Omen
86%
Phoenix
86%
Breach
85%
Clove
84%
Raze
82%
Cypher
81%
Astra
80%
Chamber
79%
Yoru
79%
Viper
77%
Gekko
74%
Neon
72%
Sova
71%
Harbor
70%
Iso
70%
Killjoy
70%
Skye
70%
Deadlock
66%
Fade
65%
Kayo
65%
Vyse
62%
Nie znaleziono quizów pasujących do podanych kryteriów
Rozkład punktacji
Procent ludzi z każdym wynikiem
Percentyl według liczby udzielonych odpowiedzi
Twoja historia wyników
Nie rozwiązałeś tego quizu od ostatniego zresetowania